Energetická náročnost a hlavní oblast energetických úspor v materiálové základně investiční výstavby

Guardado en:
Detalles Bibliográficos
Autor principal: Bažantová, Štěpánka
Formato: Libro
Lenguaje:checo
Publicado: Praha Ústředí vědeckých, technických a ekonomických informací 1984
Etiquetas: Agregar Etiqueta
Sin Etiquetas, Sea el primero en etiquetar este registro!

MARC

LEADER 00000nam a2200000 4500
001 c114261
005 20190620100050.7
041 0 |a cze 
044 |a CZ 
245 1 0 |a Energetická náročnost a hlavní oblast energetických úspor v materiálové základně investiční výstavby  |c Štěpánka Bažantová 
264 1 |a Praha  |b Ústředí vědeckých, technických a ekonomických informací  |c 1984 
300 |a 82 s. 
100 1 |a Bažantová, Štěpánka